000 00322nam a22001337a 4500
008 221121b ||||| |||| 00| 0 eng d
041 _aeng
080 _2volume1
_a159.9
082 _a159.9
100 _a25
101 _aPSI
245 _aGALEN ON THE USEFULNESS OF THE PARTS OF THE BODY
_cTALLMADGE M
942 _2udc
_cBK
999 _c58974
_d58974